000 01763nam a2200241Ia 4500
008 260220t2006||||xx |||||||||||||| ||spa||
040 _aPY-SlUNAC
_bspa
_erda
041 _aspa
082 _a574
_bC869p
100 _aCristina, Juan
_eAutor
245 0 _aEl paso del rubicón :
_bbioética para el siglo XXI /
_cpor Juan Cristina [Autor]
264 _aMontevideo :
_bDIRAC,
_c℗2006.
300 _a1 volumen
520 _aEl libro "El paso del rubicón: bioética para el siglo XXI" de Cristina y Juan aborda los desafíos éticos contemporáneos que enfrenta la bioética en un mundo en constante cambio. Los autores analizan cómo los avances científicos y tecnológicos, como la biotecnología y la medicina genética, han generado nuevas preguntas sobre la vida, la muerte y los derechos individuales. A través de un enfoque crítico y multidisciplinario, se exploran temas como la clonación, la manipulación genética y la eutanasia, discutiendo sus implicaciones morales y sociales. Además, se hace hincapié en la necesidad de un enfoque participativo que involucre a la sociedad en la toma de decisiones éticas. Cristina y Juan proponen un marco de reflexión que no solo considere los aspectos técnicos, sino también los valores culturales y humanos que deben guiar la práctica bioética. En última instancia, el libro busca contribuir al desarrollo de un pensamiento bioético que sea relevante y aplicable en el contexto del siglo XXI, promoviendo un diálogo inclusivo y responsable.
653 _aBioética
653 _aCiencias sociales
653 _aÉtica
942 _b2026/02/17
_cBK
999 _c8103
_d8103